000 00496nam a2200181Ia 4500
005 20250508153057.0
008 008 250505s9999 xx 000 0 eng d
037 _aTextual
040 _aFEDL
_beng
_cFEDL
041 _aeng
_2eng
084 _a744.422, SER
_qFEDL
100 _aSerebryakov A
_9604881
245 0 _aMechanical drawing
260 _aMoscow
_bForeign Languages Publishing House
300 _a182p.
942 _cTEXL
_h744.422, SER
999 _c1340556
_d1340556